| 000 | 00000nas##2200000za#4500 |
| 001 | 9.508632 |
| 003 | CaOODSP |
| 005 | 20210927150245 |
| 007 | ta |
| 008 | 150406c2001||||xxc|| p #||||f| |0eng|d |
| 040 | |aCaOODSP|beng |
| 041 | |aeng |
| 041 | |afre |
| 043 | |an-cn--- |
| 086 | 1 |aR12-100 |
| 110 | 1 |aCanada. |bIndian and Northern Affairs Canada. |
| 245 | 10|aCircles of light |
| 260 | |aOttawa - Ontario : |bIndian and Northern Affairs |
| 310 | |aMonthly |
| 546 | |aBilingual |
| 563 | |aSoftcover |
| 776 | 0#|tCercles de lumière.|w(CaOODSP)9.500824 |
| 776 | 0#|tCircles of light.|w(CaOODSP)9.504394 |
| 785 | 00|tBuilding Aboriginal and northern economies |w(CaOODSP)9.510740 |
| 792 | |tCercles de lumière |efre|w(CaOODSP)9.508633 |